000 00714nam a22002297a 4500
005 20170124110007.0
010 _a788748
020 _c00.00
035 _a788748
037 _bCen Lib/Ret
040 _aDPL
_bEN
082 _a352.4
_bBAN
100 _aBanerjee, Usha
_917064
245 _aHealth administration in a metropolis /
_cby Usha Banerjee
260 _bAbhinav Publications
_c1976
_aNew Delhi
270 _bNew Delhi
_aE 37 Hauz Khas
_e110016
300 _axiv,256p. :
_c20cm(Hb)
_bill.
500 _aIncludes index
650 _aPublic health administration -- India -- Delhi.
_917065
650 _aDelhi (India). -- Health Department.
_917066
942 _2ddc
_cEN
_h352.4
_mBAN
999 _c126258
_d126258